Samajtattwik chintabid II: (Record no. 12137)

MARC details
000 -LEADER
fixed length control field 00691nam a22002297a 4500
005 - DATE AND TIME OF LATEST TRANSACTION
control field 20250304082537.0
008 - FIXED-LENGTH DATA ELEMENTS--GENERAL INFORMATION
fixed length control field 250304b |||||||| |||| 00| 0 eng d
020 ## - INTERNATIONAL STANDARD BOOK NUMBER
International Standard Book Number 9789348070333
040 ## - CATALOGING SOURCE
Original cataloging agency IN-DiNC
Transcribing agency IN-DiNC
041 ## - LANGUAGE CODE
Language code of sung or spoken text Assamese
082 ## - DEWEY DECIMAL CLASSIFICATION NUMBER
Classification number 301.092
Item number SAM
245 ## - TITLE STATEMENT
Title Samajtattwik chintabid II:
Remainder of title pratham khanda (Major6)/
Statement of responsibility, etc. by Dimba Hazarika and others
250 ## - EDITION STATEMENT
Edition statement 1st ed.
260 ## - PUBLICATION, DISTRIBUTION, ETC.
Place of publication, distribution, etc. Dibrugarh:
Name of publisher, distributor, etc. mahaveer publications,
Date of publication, distribution, etc. 2025.
300 ## - PHYSICAL DESCRIPTION
Extent 144p.
650 ## - SUBJECT ADDED ENTRY--TOPICAL TERM
Topical term or geographic name entry element Sociological thinkers II: part I (Major6)
700 ## - ADDED ENTRY--PERSONAL NAME
Personal name Hazarika, Dimba
Relator term Author
700 ## - ADDED ENTRY--PERSONAL NAME
Personal name Chutia, Dilip
Relator term Author
700 ## - ADDED ENTRY--PERSONAL NAME
Personal name Saikia, Nripen
Relator term Author
700 ## - ADDED ENTRY--PERSONAL NAME
Personal name Konwar, Urbashi
Relator term Author
942 ## - ADDED ENTRY ELEMENTS (KOHA)
Source of classification or shelving scheme Dewey Decimal Classification
Koha item type Books
Holdings
Withdrawn status Lost status Source of classification or shelving scheme Damaged status Not for loan Collection code Home library Current library Shelving location Date acquired Cost, normal purchase price Total Checkouts Full call number Barcode Date last seen Date last checked out Copy number Price effective from Koha item type Date due
    Dewey Decimal Classification     Sociology Central Library, Naharkatiya College Central Library, Naharkatiya College General Stacks 04/03/2025 175.00 3 301.092 SAM 30721 12/05/2026 24/04/2026 1 04/03/2025 Books  
    Dewey Decimal Classification     Sociology Central Library, Naharkatiya College Central Library, Naharkatiya College General Stacks 04/03/2025 175.00 4 301.092 SAM 30722 28/04/2026 28/04/2026 2 04/03/2025 Books 16/05/2026
    Dewey Decimal Classification     Sociology Central Library, Naharkatiya College Central Library, Naharkatiya College General Stacks 04/03/2025 175.00 8 301.092 SAM 30723 02/05/2026 02/05/2026 3 04/03/2025 Books 20/05/2026

Naharkatiya College © 2020. All rights reserved.

Powered By